|
|
|
|
| LEADER |
00000nam0a2200000 4500 |
| 001 |
285654 |
| 005 |
20231101235821.0 |
| 035 |
|
|
|a (RuTPU)RU\TPU\book\309899
|
| 090 |
|
|
|a 285654
|
| 100 |
|
|
|a 20150226d1918 m y0rusy50 ca
|
| 101 |
0 |
|
|a rus
|
| 102 |
|
|
|a RU
|
| 105 |
|
|
|a a j 000zy
|
| 200 |
1 |
|
|a Краткий учебник товароведения и технологии важнейших материалов железнодорожного хозяйства
|e для агентов железных дорог, слушателей железнодорожных курсов и учеников железодорожных технических училищ
|f Л. М. Иоэльсон
|
| 210 |
|
|
|a Арзамас
|c Типография Поршенкова
|d 1918
|
| 215 |
|
|
|a 121 с.
|c ил.
|
| 300 |
|
|
|a Книга напечатана гражданским шрифтом
|
| 606 |
1 |
|
|a Железнодорожный транспорт
|x Материаловедение
|2 stltpush
|3 (RuTPU)RU\TPU\subj\10434
|9 37507
|
| 610 |
1 |
|
|a топливо
|
| 610 |
1 |
|
|a нефть
|
| 610 |
1 |
|
|a мазут
|
| 610 |
1 |
|
|a газообразное топливо
|
| 610 |
1 |
|
|a вода
|
| 610 |
1 |
|
|a лед
|
| 610 |
1 |
|
|a паровые котлы
|
| 610 |
1 |
|
|a металлы
|
| 610 |
1 |
|
|a чугун
|
| 610 |
1 |
|
|a медь
|
| 610 |
1 |
|
|a цинк
|
| 610 |
1 |
|
|a сплавы
|
| 610 |
1 |
|
|a свинец
|
| 610 |
1 |
|
|a олово
|
| 610 |
1 |
|
|a кирпичи
|
| 610 |
1 |
|
|a известь
|
| 610 |
1 |
|
|a цементы
|
| 610 |
1 |
|
|a природные камни
|
| 610 |
1 |
|
|a дерево
|
| 610 |
1 |
|
|a краски
|
| 610 |
1 |
|
|a лаки
|
| 610 |
1 |
|
|a олифы
|
| 610 |
1 |
|
|a приемка
|
| 610 |
1 |
|
|a хранение
|
| 610 |
1 |
|
|a железные дороги
|
| 610 |
1 |
|
|a учебники
|
| 675 |
|
|
|a 656.2(075.8)
|v 4
|
| 700 |
|
1 |
|a Иоэльсон
|b Л. М.
|
| 801 |
|
1 |
|a RU
|b 63413507
|c 20150226
|
| 801 |
|
2 |
|a RU
|b 63413507
|c 20170626
|g RCR
|
| 942 |
|
|
|c BK
|